Vista normal
Vista MARC
Entrada Nombre personal
Número de registros utilizados en: 1
001 - NÚMERO DE CONTROL
- Campo de control: 47518
003 - IDENTIFICADOR DE NÚMERO DE CONTROL
- Campo de control: OSt
005 - FECHA Y HORA DE LA ULTIMA MODIFICACION
- Campo de control: 20230629234337.0
008 - ELEMENTOS DE DATOS DE LONGITUD FIJA
- Campo de longitud fija: 230629|| aca||aabn | a|a d
040 ## - FUENTE DE LA CATALOGACIÓN
- Agencia original de catalogación: OSt
100 1# - ENCABEZAMIENTO--NOMBRE DE PERSONA
- Nombre personal: Cortez Rodriguez, Álvaro Mauricio
670 ## - FUENTE DE DATOS ENCONTRADOS
- Fuente de citación: Proyecto, plan de estudios en línea para reforzar clases de inglés para estudiantes del bachillerato en turismo del Instituto Nacional Cornelio Azenón Sierra, Atiquizaya, Ahuachapán.
670 ## - FUENTE DE DATOS ENCONTRADOS
- Fuente de citación: BMC.- 29-06-2023